[Event "Denizli op"]
[Site "Denizli"]
[Date "2025.07.07"]
[Round "1"]
[White "Quparadze, Giga"]
[Black "Noroozi, Omid"]
[Result "1-0"]
[WhiteElo "2526"]
[BlackElo "2266"]
[PlyCount "45"]
[EventDate "2025.07.07"]
[EventType "swiss"]
[EventRounds "9"]
[EventCountry "TUR"]
[SourceTitle "CB29_2025"]
[SourceDate "2025.07.16"]
[SourceVersion "1"]
[SourceVersionDate "2025.07.16"]
[SourceQuality "1"]

1. e4 g6 2. d4 Bg7 3. Nc3 a6 4. f4 d5 5. e5 h5 6. Nf3 Nh6 7. Be3 Bf5 8. h3 e6 9. Bf2 Bf8 10. Be2 Nd7 11. 0-0 Be7 12. Nh2 h4 13. Nf3 b5 14. Rc1 b4 15. Na4 Be4 16. Nd2 g5 17. c4 gxf4 18. cxd5 Bxd5 19. Bf3 Nb6 20. Nxb6 cxb6 21. Ne4 Nf5 22. Qd2 Rg8 23. Qxf4 1-0

[Event "Cesme op-A 11th"]
[Site "Izmir"]
[Date "2025.06.28"]
[Round "8"]
[White "Dhulipalla, Bala Chandra Prasad"]
[Black "Quparadze, Giga"]
[Result "1/2-1/2"]
[WhiteElo "2406"]
[BlackElo "2526"]
[PlyCount "105"]
[EventDate "2025.06.23"]
[EventType "swiss"]
[EventRounds "9"]
[EventCountry "TUR"]
[SourceTitle "CB27_2025"]
[SourceDate "2025.07.02"]
[SourceVersion "1"]
[SourceVersionDate "2025.07.02"]
[SourceQuality "1"]

1. e4 c5 2. Nf3 e6 3. c3 d5 4. exd5 Qxd5 5. Na3 Nc6 6. d4 Qd8 7. Be3 cxd4 8. Nxd4 Bxa3 9. Nxc6 Qxd1+ 10. Rxd1 bxc6 11. bxa3 Nf6 12. c4 e5 13. Bd3 Be6 14. Kd2 0-0-0 15. Kc3 Rd7 16. Bc2 Rhd8 17. Rxd7 Rxd7 18. Re1 Rc7 19. a4 h6 20. a5 c5 21. f3 Kb7 22. Rb1+ Kc6 23. f4 Ng4 24. Bd2 f5 25. fxe5 Rb7 26. Ba4+ Kc7 27. Rb5 Rxb5 28. cxb5 g5 29. Bd1 Nxe5 30. h4 f4 31. hxg5 hxg5 32. g3 f3 33. Bxg5 f2 34. Be2 Bc4 35. Kd2 f1Q 36. Bxf1 Bxf1 37. Bf4 Kd6 38. b6 axb6 39. axb6 Ba6 40. Kc3 Kd5 41. Bxe5 Kxe5 42. g4 Kd6 43. a4 Kc6 44. a5 Be2 45. g5 Bh5 46. Kd3 Bg6+ 47. Ke3 Kb7 48. Kd2 Bf5 49. Ke3 Ka6 50. Kf4 Bg6 51. Ke5 c4 52. Kd4 Bf7 53. g6 1/2-1/2

[Event "PlusCity Grand Prix Rapid"]
[Site "Pasching"]
[Date "2025.05.30"]
[Round "4"]
[White "Glek, Igor Vladimirovich"]
[Black "Quparadze, Giga"]
[Result "1-0"]
[WhiteElo "2445"]
[BlackElo "2526"]
[PlyCount "91"]
[EventDate "2025.05.30"]
[EventType "swiss (rapid)"]
[EventRounds "9"]
[EventCountry "AUT"]
[SourceTitle "CB23_2025"]
[SourceDate "2025.06.04"]
[SourceVersion "1"]
[SourceVersionDate "2025.06.04"]
[SourceQuality "1"]

1. e4 c5 2. Nf3 e6 3. g3 Nc6 4. Bg2 Nf6 5. Nc3 d5 6. exd5 exd5 7. d4 cxd4 8. Nxd4 Bg4 9. Nde2 Bb4 10. h3 Bxc3+ 11. bxc3 Bf5 12. g4 Be6 13. 0-0 0-0 14. Ng3 Ne5 15. f4 Nc4 16. f5 Bd7 17. g5 Ne4 18. Nxe4 dxe4 19. Qd4 Bb5 20. a4 Qxd4+ 21. cxd4 Bc6 22. Re1 Rfd8 23. c3 Rac8 24. Bf4 Re8 25. Rab1 b6 26. Rb4 Bd5 27. Rb5 Ba8 28. h4 a6 29. Rb4 a5 30. Rbb1 Bc6 31. f6 e3 32. Bxc6 Rxc6 33. d5 Rcc8 34. Rbd1 Re4 35. Rd4 Rce8 36. d6 Rxd4 37. cxd4 h5 38. d7 Rd8 39. Rc1 e2 40. Kf2 Rxd7 41. Rxc4 gxf6 42. gxf6 Kh7 43. Kxe2 Kg6 44. Be5 Rd5 45. Kd3 Kf5 46. Rc7 1-0

[Event "PlusCity Grand Prix Rapid"]
[Site "Pasching"]
[Date "2025.05.30"]
[Round "6"]
[White "Krzyzanowski, Marcin"]
[Black "Quparadze, Giga"]
[Result "0-1"]
[WhiteElo "2498"]
[BlackElo "2526"]
[PlyCount "66"]
[EventDate "2025.05.30"]
[EventType "swiss (rapid)"]
[EventRounds "9"]
[EventCountry "AUT"]
[SourceTitle "CB23_2025"]
[SourceDate "2025.06.04"]
[SourceVersion "1"]
[SourceVersionDate "2025.06.04"]
[SourceQuality "1"]

1. d4 Nf6 2. c4 e6 3. Nc3 Bb4 4. a3 Bxc3+ 5. bxc3 0-0 6. f3 d5 7. e3 c5 8. cxd5 Nxd5 9. c4 Nf6 10. Bb2 cxd4 11. exd4 Nc6 12. Ne2 b6 13. Ng3 Ba6 14. Rc1 Rc8 15. Kf2 Na5 16. c5 Bxf1 17. Rxf1 Nd5 18. Re1 b5 19. Rc2 Nc4 20. Bc1 Qd7 21. Ne4 f5 22. Ng5 Rfe8 23. Qe2 h6 24. Nh3 e5 25. Qd3 e4 26. fxe4 fxe4 27. Qg3 e3+ 28. Kg1 Re4 29. Kh1 Rce8 30. Ng1 Rxd4 31. Nf3 Rg4 32. c6 Qc8 33. Qh3 Nf4 0-1

[Event "PlusCity Grand Prix Rapid"]
[Site "Pasching"]
[Date "2025.05.30"]
[Round "8"]
[White "Piesik, Piotr"]
[Black "Quparadze, Giga"]
[Result "1/2-1/2"]
[WhiteElo "2436"]
[BlackElo "2526"]
[PlyCount "192"]
[EventDate "2025.05.30"]
[EventType "swiss (rapid)"]
[EventRounds "9"]
[EventCountry "AUT"]
[SourceTitle "CB23_2025"]
[SourceDate "2025.06.04"]
[SourceVersion "1"]
[SourceVersionDate "2025.06.04"]
[SourceQuality "1"]

1. d4 Nf6 2. c4 e6 3. Nc3 Bb4 4. Bf4 b6 5. e3 Bb7 6. Nge2 0-0 7. a3 Be7 8. d5 d6 9. e4 e5 10. Bd2 c6 11. Ng3 Nbd7 12. Be2 a5 13. 0-0 Nc5 14. Be3 cxd5 15. cxd5 a4 16. Bxc5 bxc5 17. Nxa4 Nd7 18. Nf5 g6 19. Nxe7+ Qxe7 20. Nc3 f5 21. Qd2 fxe4 22. Nxe4 Nb6 23. Nc3 Rf4 24. Bf3 Raf8 25. Be4 Ba6 26. Rfe1 Nc4 27. Qc1 Rxf2 28. Nd1 R2f4 29. Bd3 Qb7 30. Nc3 Rd4 31. Bf1 Nd2 32. Bxa6 Qxa6 33. Qc2 Nc4 34. Re2 Rdf4 35. h3 Nb6 36. Rd1 Rd4 37. Red2 Qb7 38. Nb5 Nxd5 39. Nxd6 Qc6 40. Ne4 Nf4 41. Nxc5 Rfd8 42. b4 Qf6 43. Rxd4 exd4 44. Qe4 d3 45. Nxd3 Rd4 46. Qa8+ Kg7 47. Qf3 Qd6 48. Nf2 h5 49. Rxd4 Qxd4 50. Kh2 Ne6 51. g3 Ng5 52. Qf4 Qd5 53. h4 Nf3+ 54. Kh3 Ng1+ 55. Kh2 Nf3+ 56. Kh3 Ng1+ 57. Kh2 Nf3+ 58. Kg2 Nxh4+ 59. Kf1 Qg2+ 60. Ke1 Nf5 61. Ne4 Qg1+ 62. Ke2 Qd4 63. Nd2 Qc3 64. Kf2 Qxa3 65. Nf3 Qa7+ 66. Ke1 Qa1+ 67. Kf2 Qa7+ 68. Ke1 Qa1+ 69. Kf2 Kf6 70. Kg2 Qb2+ 71. Kh3 Qe2 72. Nh4 Qe1 73. Kh2 Qe2+ 74. Kh3 Qd1 75. Kh2 Qc2+ 76. Kh3 Qb1 77. Qf3 Qxb4 78. Nxf5 gxf5 79. Qxh5 Qe4 80. Qh8+ Kf7 81. Qh7+ Ke6 82. Qg8+ Kd6 83. Qd8+ Kc5 84. Qd2 Qh1+ 85. Qh2 Qf3 86. Qd2 Qh1+ 87. Qh2 Qe4 88. Qd2 Kc4 89. Kh2 Qe5 90. Kg2 Qe4+ 91. Kf2 Qg4 92. Qc2+ Kd4 93. Qa4+ Kd3 94. Qb3+ Kd4 95. Qb4+ Kd5 96. Qb5+ Ke4 1/2-1/2

[Event "PlusCity Grand Prix Rapid"]
[Site "Pasching"]
[Date "2025.05.30"]
[Round "3"]
[White "Quparadze, Giga"]
[Black "Levin, Guy"]
[Result "1-0"]
[WhiteElo "2526"]
[BlackElo "2464"]
[PlyCount "71"]
[EventDate "2025.05.30"]
[EventType "swiss (rapid)"]
[EventRounds "9"]
[EventCountry "AUT"]
[SourceTitle "CB23_2025"]
[SourceDate "2025.06.04"]
[SourceVersion "1"]
[SourceVersionDate "2025.06.04"]
[SourceQuality "1"]

1. e4 e5 2. Nf3 Nf6 3. Nxe5 d6 4. Nf3 Nxe4 5. d4 Be7 6. Bd3 Nf6 7. 0-0 0-0 8. Nbd2 Re8 9. c3 c6 10. h3 Nbd7 11. Nc4 Nf8 12. Ne3 Ng6 13. d5 Nf4 14. dxc6 bxc6 15. Nd4 Bb7 16. Bc2 Bf8 17. Ng4 Ng6 18. Bg5 Be7 19. Nf5 Nxg4 20. Nxe7+ Nxe7 21. Qxg4 Qc8 22. Qg3 d5 23. Bxe7 Rxe7 24. Qh4 Re2 25. Qxh7+ Kf8 26. Bd3 Re5 27. f4 Re3 28. Rae1 Qe6 29. Bf5 Rxe1 30. Bxe6 Rxe6 31. Qh8+ Ke7 32. Qxg7 c5 33. f5 Re2 34. f6+ Kd6 35. Qxf7 Bc6 36. Rf2 1-0

[Event "PlusCity Grand Prix Blitz"]
[Site "Pasching"]
[Date "2025.05.29"]
[Round "3"]
[White "Balint, Peter1"]
[Black "Quparadze, Giga"]
[Result "0-1"]
[WhiteElo "2342"]
[BlackElo "2526"]
[PlyCount "78"]
[EventDate "2025.05.29"]
[EventType "swiss (blitz)"]
[EventRounds "13"]
[EventCountry "AUT"]
[SourceTitle "CB23_2025"]
[SourceDate "2025.06.04"]
[SourceVersion "1"]
[SourceVersionDate "2025.06.04"]
[SourceQuality "1"]

1. Nf3 Nf6 2. g3 b5 3. Bg2 Bb7 4. 0-0 e6 5. b3 c5 6. c4 a6 7. a4 bxc4 8. bxc4 Nc6 9. Nc3 Be7 10. Rb1 Rb8 11. e4 e5 12. Nd5 0-0 13. d3 d6 14. Bd2 a5 15. Bc3 Nb4 16. Nxe7+ Qxe7 17. Nh4 Ne8 18. f4 f6 19. Bh3 Bc6 20. Nf5 Qd8 21. Ne3 Nc7 22. Nd5 Ncxd5 23. exd5 Bd7 24. Be6+ Kh8 25. f5 Be8 26. Rf3 Bh5 27. Qf1 Bxf3 28. Qxf3 Nc2 29. Rf1 Nd4 30. Bxd4 cxd4 31. g4 Rb2 32. Qh3 Qb6 33. g5 Rb1 34. gxf6 Rxf1+ 35. Qxf1 gxf6 36. Qe1 Rb8 37. Kg2 Qc7 38. Kh3 Qg7 39. Qxa5 h5 0-1

[Event "PlusCity Grand Prix Blitz"]
[Site "Pasching"]
[Date "2025.05.29"]
[Round "1"]
[White "Ganic, Martin"]
[Black "Quparadze, Giga"]
[Result "0-1"]
[WhiteElo "2074"]
[BlackElo "2526"]
[PlyCount "50"]
[EventDate "2025.05.29"]
[EventType "swiss (blitz)"]
[EventRounds "13"]
[EventCountry "AUT"]
[SourceTitle "CB23_2025"]
[SourceDate "2025.06.04"]
[SourceVersion "1"]
[SourceVersionDate "2025.06.04"]
[SourceQuality "1"]

1. d4 Nf6 2. Bf4 b6 3. e3 Bb7 4. Nf3 g6 5. Nc3 Bg7 6. Bd3 d6 7. h3 Nbd7 8. 0-0 0-0 9. Qe2 Re8 10. e4 e5 11. dxe5 dxe5 12. Bg5 h6 13. Bh4 g5 14. Bg3 Nh5 15. Bh2 Nf4 16. Bxf4 exf4 17. Nh2 Ne5 18. Bb5 c6 19. Ba4 Qe7 20. f3 a5 21. Bb3 Ba6 22. Qf2 Bxf1 23. Rxf1 Red8 24. Ng4 Nxg4 25. hxg4 Bd4 0-1

[Event "PlusCity Grand Prix Blitz"]
[Site "Pasching"]
[Date "2025.05.29"]
[Round "7"]
[White "Schneider, Ilja"]
[Black "Quparadze, Giga"]
[Result "0-1"]
[WhiteElo "2417"]
[BlackElo "2526"]
[PlyCount "69"]
[EventDate "2025.05.29"]
[EventType "swiss (blitz)"]
[EventRounds "13"]
[EventCountry "AUT"]
[SourceTitle "CB23_2025"]
[SourceDate "2025.06.04"]
[SourceVersion "1"]
[SourceVersionDate "2025.06.04"]
[SourceQuality "1"]

1. e4 c5 2. Nc3 e6 3. Nf3 a6 4. g3 b5 5. Bg2 Bb7 6. d4 cxd4 7. Nxd4 Nc6 8. 0-0 Nxd4 9. Qxd4 Ne7 10. a4 Nc6 11. Qe3 b4 12. Nd5 Ne5 13. Qb6 Qxb6 14. Nxb6 Rd8 15. Bf4 f6 16. Bxe5 fxe5 17. Nc4 Rc8 18. Nxe5 Rxc2 19. Rac1 Rxc1 20. Rxc1 Bd6 21. Nd3 e5 22. Nc5 Bc6 23. Nxa6 Ke7 24. b3 Rc8 25. Bf1 Bb7 26. Rxc8 Bxc8 27. Bb5 Bb7 28. f3 g5 29. g4 Kd8 30. Kf2 Be7 31. Nb8 Bc8 32. Na6 Bb7 33. Nb8 Bc8 34. Na6 Bb7 35. Nb8 0-1

[Event "PlusCity Grand Prix Blitz"]
[Site "Pasching"]
[Date "2025.05.29"]
[Round "12"]
[White "Subelj, Jan"]
[Black "Quparadze, Giga"]
[Result "1/2-1/2"]
[WhiteElo "2537"]
[BlackElo "2526"]
[PlyCount "148"]
[EventDate "2025.05.29"]
[EventType "swiss (blitz)"]
[EventRounds "13"]
[EventCountry "AUT"]
[SourceTitle "CB23_2025"]
[SourceDate "2025.06.04"]
[SourceVersion "1"]
[SourceVersionDate "2025.06.04"]
[SourceQuality "1"]

1. Nf3 c5 2. c4 Nc6 3. g3 g6 4. Bg2 Bg7 5. 0-0 e6 6. Nc3 d6 7. e3 Nge7 8. d4 0-0 9. b3 cxd4 10. Nxd4 Nxd4 11. exd4 d5 12. cxd5 Nxd5 13. Nxd5 exd5 14. Re1 Be6 15. Bf4 Rc8 16. Be5 Bh6 17. Qf3 Bg7 18. Rac1 Qa5 19. Qe2 Bh6 20. Rxc8 Rxc8 21. Rd1 Qc3 22. Qb5 Qc6 23. Qa5 a6 24. Qb4 Bf8 25. Qd2 Qc2 26. h4 Qxd2 27. Rxd2 h5 28. Bf3 Rc3 29. Bd1 Rc1 30. Kg2 Bb4 31. Rc2 Rxd1 32. Rc7 b5 33. Ra7 Kf8 34. Rxa6 Bf5 35. Ra8+ Ke7 36. Ra7+ Bd7 37. Rb7 Bd6 38. Bg7 b4 39. Bh6 f6 40. Bg7 Rxd4 41. Bxf6+ Kxf6 42. Rxd7 Be7 43. Rb7 Rd2 44. Rb6+ Kf7 45. Rb5 d4 46. Rd5 Rxa2 47. Rxd4 Rc2 48. Rf4+ Ke8 49. g4 Rc3 50. gxh5 gxh5 51. Rf5 Bxh4 52. Rxh5 Be7 53. Rb5 Rxb3 54. f4 Rc3 55. f5 Rc5 56. Rb8+ Kf7 57. f6 Kxf6 58. Rb6+ Kf7 59. Kf3 Rc3+ 60. Ke4 Ke8 61. Kd5 Kd7 62. Rb7+ Rc7 63. Rb8 Rc5+ 64. Kd4 Rh5 65. Rb7+ Ke6 66. Kc4 Bd6 67. Rb6 Rh4+ 68. Kb3 Kd5 69. Rb7 Rh3+ 70. Kc2 Kc4 71. Rg7 b3+ 72. Kd2 Rh2+ 73. Ke3 b2 74. Rb7 Bb4 1/2-1/2

[Event "EU-ch 25th"]
[Site "Eforie Nord"]
[Date "2025.03.25"]
[Round "10"]
[White "Dardha, Daniel"]
[Black "Quparadze, Giga"]
[Result "1-0"]
[WhiteElo "2665"]
[BlackElo "2543"]
[PlyCount "151"]
[EventDate "2025.03.15"]
[EventType "swiss"]
[EventRounds "11"]
[EventCountry "ROU"]
[SourceTitle "CB13_2025"]
[SourceDate "2025.03.26"]
[SourceVersion "1"]
[SourceVersionDate "2025.03.26"]
[SourceQuality "1"]

1. Nf3 c5 2. e3 Nf6 3. d4 e6 4. Bd3 d5 5. b3 Nc6 6. Bb2 Bd6 7. Nbd2 0-0 8. dxc5 Bxc5 9. Ne5 Nxe5 10. Bxe5 Bd6 11. Bb2 e5 12. 0-0 e4 13. Be2 Qe7 14. c4 Be5 15. Bxe5 Qxe5 16. cxd5 Rd8 17. Qc2 Rxd5 18. Rfd1 Be6 19. Nc4 Rc8 20. a4 h5 21. Rxd5 Bxd5 22. Rd1 a6 23. h3 b5 24. axb5 axb5 25. Nxe5 Rxc2 26. Bxh5 g6 27. Nd7 Nxd7 28. Rxd5 Nc5 29. Be2 Nxb3 30. Bxb5 Kg7 31. Ba4 Rc1+ 32. Kh2 Nc5 33. Bb5 Rc2 34. Kg3 Kh6 35. Be8 Kg7 36. Bb5 Kh6 37. Rd4 Kg5 38. h4+ Kh6 39. Be8 Kg7 40. Bb5 Kh6 41. Rd6 Nb3 42. Ba4 Rc3 43. Kh3 Nc5 44. Be8 Kg7 45. Rc6 Kf8 46. Rc8 Ke7 47. Bb5 f5 48. g3 Rc1 49. Be8 Nd3 50. Rxc1 Nxc1 51. Bxg6 Kf6 52. Be8 Nd3 53. Kg2 Ne5 54. Bb5 Ke6 55. Be2 Kf6 56. Kf1 Ke6 57. Ke1 Kf6 58. Kd2 Ke6 59. Kc3 Kf6 60. Kd4 Nc6+ 61. Kc4 Ne5+ 62. Kc3 Ke6 63. Kd2 Kf6 64. Ke1 Kg6 65. Kf1 Kf6 66. Kg2 Kg6 67. g4 fxg4 68. Kg3 Kh5 69. Bd1 Kg6 70. Bxg4 Kf6 71. Be2 Kf5 72. Bb5 Nf7 73. Bd7+ Ke5 74. Kg4 Kd6 75. Bf5 Ne5+ 76. Kg3 1-0

[Event "EU-ch 25th"]
[Site "Eforie Nord"]
[Date "2025.03.24"]
[Round "9"]
[White "Quparadze, Giga"]
[Black "Pancevski, Filip"]
[Result "1-0"]
[WhiteElo "2543"]
[BlackElo "2421"]
[PlyCount "101"]
[EventDate "2025.03.15"]
[EventType "swiss"]
[EventRounds "11"]
[EventCountry "ROU"]
[SourceTitle "CB13_2025"]
[SourceDate "2025.03.26"]
[SourceVersion "1"]
[SourceVersionDate "2025.03.26"]
[SourceQuality "1"]

1. e4 d6 2. d4 Nf6 3. Nc3 e5 4. Nf3 Nbd7 5. Bc4 Be7 6. 0-0 0-0 7. Re1 c6 8. a4 h6 9. h3 Re8 10. Be3 Qc7 11. Ba2 Nf8 12. d5 c5 13. Nd2 N6h7 14. f4 exf4 15. Bxf4 Ng6 16. Bh2 Bd7 17. Nc4 Bf8 18. e5 dxe5 19. d6 Qc6 20. Nb5 Ng5 21. Ne3 c4 22. Bxc4 Nf4 23. h4 Nxg2 24. hxg5 Nxe3 25. Bxf7+ Kxf7 26. Rxe3 hxg5 27. Qh5+ Kg8 28. Rf1 Qc5 29. Qf7+ Kh8 30. Rfe1 Be6 31. Qh5+ Kg8 32. Bxe5 Bf7 33. Qxg5 Re6 34. b4 Qc4 35. Rg3 Rg6 36. Qd2 Rd8 37. Rxg6 Bxg6 38. Qg5 Qxb4 39. Bc3 Qxa4 40. Qxg6 Qxb5 41. Qe6+ Kh7 42. Re5 Qb6+ 43. Kf1 Qb1+ 44. Be1 g6 45. Qf7+ Bg7 46. Re7 Qb5+ 47. c4 Qb2 48. d7 b6 49. Bf2 Qa1+ 50. Kg2 Qb2 51. Re1 1-0

[Event "EU-ch 25th"]
[Site "Eforie Nord"]
[Date "2025.03.22"]
[Round "7"]
[White "Quparadze, Giga"]
[Black "Ilinca Ilinca, Felix Antonio"]
[Result "1-0"]
[WhiteElo "2543"]
[BlackElo "2408"]
[PlyCount "161"]
[EventDate "2025.03.15"]
[EventType "swiss"]
[EventRounds "11"]
[EventCountry "ROU"]
[SourceTitle "CB13_2025"]
[SourceDate "2025.03.26"]
[SourceVersion "1"]
[SourceVersionDate "2025.03.26"]
[SourceQuality "1"]

1. e4 c5 2. Nf3 Nc6 3. Bb5 e6 4. Bxc6 bxc6 5. d3 Qc7 6. Qe2 e5 7. Nfd2 Ne7 8. b3 Ng6 9. g3 Be7 10. Bb2 d6 11. Nc4 f5 12. h4 0-0 13. h5 Nh8 14. Nbd2 f4 15. 0-0-0 h6 16. gxf4 Rxf4 17. Rdg1 Be6 18. Ne3 Raf8 19. Rh2 Bg5 20. Kb1 Qf7 21. Rgg2 Rh4 22. Rxh4 Bxh4 23. Ndc4 Qd7 24. Ng4 Bg5 25. f3 Bxc4 26. dxc4 Qf7 27. Rf2 Bf4 28. Bc1 Qxh5 29. Bxf4 Rxf4 30. Rh2 Qe8 31. Qg2 Kh7 32. Ne3 g6 33. Qh3 Nf7 34. Ng2 Rf6 35. Qg3 h5 36. Ne3 Nh6 37. Ng2 Qf7 38. Nh4 Rf4 39. Rg2 Rf6 40. Qg5 Qe6 41. Qg3 Ng8 42. Rg1 Ne7 43. Rd1 Kh6 44. Rg1 Rf7 45. Qg5+ Kh7 46. Qg3 Qf6 47. Qh3 Kh6 48. Rh1 Kg7 49. Rd1 g5 50. Nf5+ Nxf5 51. exf5 h4 52. Qg2 Qxf5 53. Rxd6 e4 54. f4 Qxf4 55. Rd1 g4 56. Rg1 g3 57. Qe2 Qf3 58. Qd2 e3 59. Qc3+ Rf6 60. Qe5 Kh6 61. Kb2 e2 62. Rh1 Qf4 63. Qxe2 Kg5 64. Ka3 Qf3 65. Qd2+ Kh5 66. Re1 Kg4 67. Qd7+ Rf5 68. Re7 g2 69. Rg7+ Kf4 70. Qd2+ Qe3 71. Qxg2 Qf3 72. Qd2+ Qe3 73. Qd1 Rg5 74. Qd6+ Kg4 75. Qd1+ Kh3 76. Qh1+ Kg4 77. Rd7 Qf3 78. Qe1 h3 79. Rh7 Rh5 80. Qg1+ Qg2 81. Qd1+ 1-0

[Event "EU-ch 25th"]
[Site "Eforie Nord"]
[Date "2025.03.20"]
[Round "6"]
[White "Lazov, Toni"]
[Black "Quparadze, Giga"]
[Result "0-1"]
[WhiteElo "2400"]
[BlackElo "2543"]
[PlyCount "110"]
[EventDate "2025.03.15"]
[EventType "swiss"]
[EventRounds "11"]
[EventCountry "ROU"]
[SourceTitle "CB13_2025"]
[SourceDate "2025.03.26"]
[SourceVersion "1"]
[SourceVersionDate "2025.03.26"]
[SourceQuality "1"]

1. e4 c5 2. Nf3 e6 3. g3 Nc6 4. Bg2 Nf6 5. Qe2 d6 6. 0-0 Be7 7. c3 0-0 8. d4 d5 9. e5 Ne4 10. Rd1 cxd4 11. cxd4 f6 12. Be3 Qe8 13. Nbd2 f5 14. Ne1 b6 15. f3 Nxd2 16. Qxd2 Ba6 17. Bf1 Bxf1 18. Kxf1 Rc8 19. Rac1 Qd7 20. Qe2 Na5 21. b3 Nc6 22. Qb2 a5 23. Nd3 Qb7 24. Nf4 Kf7 25. Kg2 Nb4 26. h4 Rxc1 27. Rxc1 Rc8 28. a3 Nc6 29. g4 fxg4 30. fxg4 Qd7 31. Kh3 Kg8 32. Rc2 Nd8 33. a4 Rc6 34. Qc1 Ba3 35. Qd1 Qc8 36. Rxc6 Qxc6 37. Ne2 b5 38. axb5 Qxb5 39. Nc3 Qb7 40. h5 Be7 41. g5 Bb4 42. Ne2 Qf7 43. Ng3 Nc6 44. Qc2 Ne7 45. Qf2 Qe8 46. h6 gxh6 47. gxh6 Qg6 48. Qe2 Kf7 49. Qf3+ Ke8 50. Qg4 Qd3 51. Bg5 Nf5 52. Bh4 Kf8 53. Kh2 Qxd4 54. Qxd4 Nxd4 55. Kg2 Nxb3 0-1

[Event "Lublin Arche op"]
[Site "Lublin"]
[Date "2025.02.25"]
[Round "3"]
[White "Quparadze, Giga"]
[Black "Cvek, Robert"]
[Result "1-0"]
[WhiteElo "2539"]
[BlackElo "2437"]
[PlyCount "105"]
[EventDate "2025.02.23"]
[EventType "swiss"]
[EventRounds "9"]
[EventCountry "POL"]
[SourceTitle "CB10_2025"]
[SourceDate "2025.03.05"]
[SourceVersion "1"]
[SourceVersionDate "2025.03.05"]
[SourceQuality "1"]

1. e4 e6 2. d4 d5 3. Nc3 Bb4 4. e5 c5 5. a3 Bxc3+ 6. bxc3 Ne7 7. h4 Qc7 8. h5 h6 9. Nf3 b6 10. Bb5+ Bd7 11. Bd3 c4 12. Be2 Ba4 13. Bf4 Nbc6 14. Qd2 0-0-0 15. g4 Qd7 16. Bg3 Rdf8 17. Nh4 g5 18. hxg6 fxg6 19. f4 h5 20. gxh5 gxh5 21. Bf2 Qe8 22. 0-0-0 Qf7 23. Rdg1 Qxf4 24. Qxf4 Rxf4 25. Be3 Rf7 26. Rg5 Nd8 27. Rh3 Be8 28. Kd2 Rff8 29. Rg7 Rf7 30. Rg2 Nf5 31. Bg5 Rg7 32. Bf6 Rxg2 33. Nxg2 Rh7 34. Nf4 Bf7 35. Bg4 Ng3 36. Nxd5 Ne4+ 37. Ke3 Bg6 38. Ne7+ Rxe7 39. Bxe7 hxg4 40. Rh8 Kd7 41. Bxd8 Nxc3 42. Bh4 Nd5+ 43. Kd2 c3+ 44. Kc1 Ne3 45. Bg5 Nxc2 46. d5 g3 47. Rd8+ Kc7 48. Rg8 Bf5 49. d6+ Kc6 50. Rc8+ Kb7 51. Rc7+ Kb8 52. Rxc3 g2 53. Rg3 1-0

[Event "Lublin Arche op"]
[Site "Lublin"]
[Date "2025.02.24"]
[Round "2"]
[White "Golis, Wiktor"]
[Black "Quparadze, Giga"]
[Result "0-1"]
[WhiteElo "2234"]
[BlackElo "2539"]
[PlyCount "66"]
[EventDate "2025.02.23"]
[EventType "swiss"]
[EventRounds "9"]
[EventCountry "POL"]
[SourceTitle "CB10_2025"]
[SourceDate "2025.03.05"]
[SourceVersion "1"]
[SourceVersionDate "2025.03.05"]
[SourceQuality "1"]

1. e4 c5 2. Nf3 e6 3. d4 cxd4 4. Nxd4 a6 5. a3 b5 6. a4 b4 7. Bd3 Bb7 8. Qe2 Nf6 9. 0-0 Qc7 10. Nd2 d6 11. Kh1 Nbd7 12. f4 Be7 13. N2f3 Nc5 14. e5 Nfe4 15. Nd2 Nxd2 16. Bxd2 Nxd3 17. cxd3 dxe5 18. fxe5 0-0 19. Rac1 Qd7 20. Rf4 Bg5 21. Rg4 Bxd2 22. Qxd2 f5 23. exf6 Rxf6 24. Rf4 Raf8 25. Rxf6 Rxf6 26. Qe3 h6 27. Kg1 Rg6 28. g3 Qd5 29. Qe4 Qg5 30. Qe1 Rf6 31. Nc6 Kh8 32. Ne5 Rf5 33. d4 Qd8 0-1

[Event "Lublin Arche op"]
[Site "Lublin"]
[Date "2025.02.23"]
[Round "1"]
[White "Quparadze, Giga"]
[Black "Ochedzan, Filip"]
[Result "1-0"]
[WhiteElo "2539"]
[BlackElo "2218"]
[PlyCount "75"]
[EventDate "2025.02.23"]
[EventType "swiss"]
[EventRounds "9"]
[EventCountry "POL"]
[SourceTitle "CB10_2025"]
[SourceDate "2025.03.05"]
[SourceVersion "1"]
[SourceVersionDate "2025.03.05"]
[SourceQuality "1"]

1. e4 c5 2. Ne2 Nc6 3. Nbc3 Nf6 4. d4 cxd4 5. Nxd4 d6 6. Nb3 a6 7. Be3 e6 8. g4 b5 9. g5 Nd7 10. h4 Bb7 11. h5 Be7 12. Rg1 b4 13. Na4 g6 14. f4 Qc7 15. Qd2 Rc8 16. Bd3 e5 17. 0-0-0 exf4 18. Bxf4 Nce5 19. Nd4 Qa5 20. b3 Nc5 21. Nxc5 Qxc5 22. Kb1 0-0 23. Be3 Qc3 24. Qe2 a5 25. Nb5 Qc6 26. Na7 Qc3 27. hxg6 fxg6 28. Nxc8 Bxc8 29. Bd4 Qc7 30. Bxe5 dxe5 31. Bc4+ Kh8 32. Rgf1 a4 33. Rxf8+ Bxf8 34. Qf2 Bg7 35. Qa7 Qxa7 36. Rd8+ Bf8 37. Rxf8+ Kg7 38. Rg8# 1-0

[Event "Bialystok Zamenhof Memorial 43rd"]
[Site "Bialystok"]
[Date "2024.12.30"]
[Round "8"]
[White "Karolczuk, Iwo"]
[Black "Quparadze, Giga"]
[Result "0-1"]
[WhiteElo "2349"]
[BlackElo "2537"]
[PlyCount "98"]
[EventDate "2024.12.27"]
[EventType "swiss"]
[EventRounds "9"]
[EventCountry "POL"]
[SourceTitle "CB02_2025"]
[SourceDate "2025.01.08"]
[SourceVersion "1"]
[SourceVersionDate "2025.01.08"]
[SourceQuality "1"]

1. d4 Nf6 2. c4 e6 3. g3 Bb4+ 4. Bd2 a5 5. Bg2 d5 6. Nf3 0-0 7. 0-0 Be7 8. Qc2 c6 9. Rd1 Nbd7 10. Bf4 a4 11. Nc3 dxc4 12. Nxa4 Nd5 13. Nc5 Nxf4 14. gxf4 Nxc5 15. dxc5 Qa5 16. Qxc4 Bxc5 17. e3 Be7 18. a3 Bf6 19. Rd2 e5 20. b4 Qc7 21. fxe5 Bxe5 22. Nxe5 Qxe5 23. Rd4 Be6 24. Qd3 Ra4 25. Rc1 g6 26. Rc5 Qf6 27. b5 Rfa8 28. bxc6 bxc6 29. Rxc6 Rxa3 30. Qf1 R8a5 31. Rc1 Ra2 32. Rcd1 Kg7 33. R4d2 R2a3 34. Rd4 Rg5 35. Kh1 Ra2 36. R4d2 Raa5 37. f4 Rgc5 38. e4 Bg4 39. Re1 Ra3 40. Qf2 Rcc3 41. f5 Bf3 42. fxg6 hxg6 43. e5 Qc6 44. e6 Rc1 45. Rde2 Bxg2+ 46. Qxg2 Rf3 47. Kg1 Qc3 48. Qxf3 Qxf3 49. e7 Qxe2 0-1